Регионална библиотека "Любен Каравелов" - Русе

Българският туризъм (Запис номер 78903)

MARC детайли
000 -Лидер
Контролно поле с фиксирана дължина 01614nam a2200373 c 4500
003 - Код на организацията, давaща контролен номер
Контролно поле BLK
005 - Дата и час на последна редакция
Контролно поле 20241223133913.0
008 - Елементи от данни с фиксирана дължина
fixed length control field 180408b bul|||||r ||||||| ||bul||
010 ## - Наследен системен номер
LC control number KNG00083371000
020 ## - Международен стандартен номер на книга ISBN
Международен стандартен номер на книга ISBN 978-954-579-683-8
-- издат.: Славена
040 ## - Източник на каталожния запис
Идентификатор на билиотеката - собственик на записа BLK
041 ## - Код за език
Код за езика на текст/звукозапис или на отделно заглавие Български
Код за езика КДБФ Български
080 ## - УДК
Текстов определител УДК Туризмът от стопанско гледище. Политика по отношение на туризма. Икономика и организация на туризма. Вътрешен и международен туризъм. Вж и 379.8
УДК код - определител по УДК 338.48
УДК определител (075.2)
УДК - код + определител 338.48(075.2)
100 1# - Редна дума - Автор
Автор Ракаджийска, Светла Генова
Авторска отговорност първи автор
R(LIN) 364066
139 ## - Редно поле
Редна дума Българският туризъм
Авторски знак Бъл - Б 92
245 10 - Сведения за заглавието
Заглавие Българският туризъм
Подзаглавни данни Приоритети за развитие
Редно поле (дума) Светла Генова Ракаджийска.
257 ## - Страна на издаване
Страна на създаване/издаване България
260 ## - Област на издателските данни
-- Варна
Име на издателя, разпространителя и проч. Славена
Година на издаване 2007
300 ## - Физическа характеристика
Страници 188 с.
Илюстрации и др. с табл.
Размери/Мащаб 20 см
380 ## - Жанр
Жанр Обществени науки
490 1# - СЕРИИ (Колекции)
Име на серия Библиотека Туризъм
650 #4 - Допълнително описание по предмет – тема
Основно описание – тема или топоним Туризъм - икономически проблеми
9 (RLIN) 246366
653 ## - Ключова дума – ненормативна
Ключова дума туризъм
653 ## - Ключова дума – ненормативна
Ключова дума икономическо развитие
653 ## - Ключова дума – ненормативна
Ключова дума фолклорен туризъм
653 ## - Ключова дума – ненормативна
Ключова дума здравен туризъм
653 ## - Ключова дума – ненормативна
Ключова дума винен туризъм
852 ## - Местоположение
Форматна сигнатура Цб 239758
856 4# - Електронен адрес и достъп
Електронен формат pdf - файл
Път до файла /url/
856 4# - Електронен адрес и достъп
Електронен формат pdf - файл
Път до файла /url/
942 ## - АРТИКУЛИ
Вид на библиотечния материал Книги
Скрит в OPAC Не
Koha issues (borrowed), all copies 4
944 ## - СЪЗДАВАНЕ И РЕДАКЦИЯ на ЗАПИСА
Създаване/Редакция Създаване
Дата на регистрацията/редакция 21.04.2008
Служител, извършил регистрацията/редакцията 30576
Статус, дата на статуса Цветомила Тодорова
944 ## - СЪЗДАВАНЕ И РЕДАКЦИЯ на ЗАПИСА
Създаване/Редакция Редакция
Дата на регистрацията/редакция 30.03.2011
Служител, извършил регистрацията/редакцията
999 ## - СИСТЕМНИ КОНТРОЛНИ НОМЕРА
Koha biblionumber 78903
Koha biblioitemnumber 78903
Наличности
Код за отписване Код за изгубен артикул Код за повреда Коз за рестрикции Код за отдаване Артикулен № Име на библиотеката - собственик Име на библиотеката, в която се намира в момента Статус (Текущо местоположение) Дата на вписване в системата Местоположение - отдел Цена в лева Инвентарен номер Систематично азбучна сигнатура Баркод Номер на екземпляра Цена в евро Служебна бележка Служебен тип на артикула
  Не е изгубен Не е повреден без рестрикции ползва се в читалня 127577 Регионална библиотека "Любен Каравелов" Русе Регионална библиотека "Любен Каравелов" Русе Хранилище 2008-04-21 Хранилище 0.00 120000725758 Цб 239758 120000725758 1 0.00 Дост: Dp Вид: Д N: 12 Дата: 20.02.2008 Книги
  Не е изгубен Не е повреден без рестрикции заемане за дома 127578 Регионална библиотека "Любен Каравелов" Русе Регионална библиотека "Любен Каравелов" Русе Заемна - подръчен фонд 2008-10-15 Заемна - подръчен фонд 8.00 120000730458 П 338.4/Б 92 120000730458 2 4.09 Дост: Pk Вид: Ф N: 8703 Дата: 14.10.2008 Дата инв: 05.02.2018 Бележки инв: П2018 Книги
Изтеглен Не е изгубен Не е повреден без рестрикции заемане за дома 127579 Регионална библиотека "Любен Каравелов" Русе Регионална библиотека "Любен Каравелов" Русе Заемна - подръчен фонд 2008-10-15 Заемна - подръчен фонд 8.00 120000730459 П 338.4/Б 92 120000730459 3 4.09 Дост: Pk Вид: Ф N: 8703 Дата: 14.10.2008 Дата инв: 05.02.2018 Бележки инв: П2018 Книги
Изтеглен Не е изгубен Не е повреден без рестрикции заемане за дома 127580 Регионална библиотека "Любен Каравелов" Русе Регионална библиотека "Любен Каравелов" Русе Заемна - подръчен фонд 2008-10-15 Заемна - подръчен фонд 8.00 120000730460 П 338.4/Б 92 120000730460 4 4.09 Дост: Pk Вид: Ф N: 8703 Дата: 14.10.2008 Дата инв: 05.02.2018 Бележки инв: П2018 Книги
  Не е изгубен Не е повреден без рестрикции заемане за дома 127581 Регионална библиотека "Любен Каравелов" Русе Регионална библиотека "Любен Каравелов" Русе Заемна - подръчен фонд 2008-10-15 Заемна - подръчен фонд 8.00 120000730461 П 338.4/Б 92 120000730461 5 4.09 Дост: Pk Вид: Ф N: 8703 Дата: 14.10.2008 Дата инв: 05.02.2018 Бележки инв: П2018 Книги
  Не е изгубен Не е повреден без рестрикции ползва се в читалня 127582 Регионална библиотека "Любен Каравелов" Русе Регионална библиотека "Любен Каравелов" Русе Читалня 2008-10-15 Читалня 8.00 120000730462 Ч 338.4/Б 92 120000730462 6 4.09 Дост: Pk Вид: Ф N: 8703 Дата: 14.10.2008 Дата инв: 23.03.2017 Бележки инв: Ч2017 Книги
Vip Innovations Ltd, Rousse, Bulgaria 2025